00211nam a2200097 a 4500008004100000050001600041100001800057245001800075260001100093350000900104120416s1973 xx |||||||||||||| || u aNA 9185 Sha aSharp, Thomas10aTown planning c(1973) a0.00